000 00501nam a2200217Ia 4500
003 OSt
005 20221005123823.0
006 a|||||r|||| 00| 0
007 ta
008 221004b |||||||| |||| 00| 0 eng d
024 _a49325
037 _cTextual
040 _aCRL
_cCRL
_beng
041 _2eng
_aeng
082 _aQ25:21x5:1, J8
245 0 _aMalati manjari
260 _c1958
650 _aRELIGION
942 _hQ25:21x5:1, J8
_cTEXL
_2cc
999 _c1048581
_d1048581